[Event "Tourn. n9187"]
[Site "www.chess-mail.com"]
[Date "2017.02.18"]
[Round "1"]
[White "Attatroll"]
[Black "Rovaniaina"]
[WhiteElo "1920"]
[BlackElo "1969"]
[Result "1-0"]
[Round "1"]
1.d4 Ng8f6
2.c4 g6
3.Nb1c3 Bf8g7
4.Ng1f3 d6
5.Bc1f4 O-O
6.e3 b6
7.Bf1d3 Bc8b7
8.O-O Nb8c6
9.a3 e5
10.Bf4g5 Qd8d7
11.dxe5 Nc6xe5
12.Nf3xe5 dxe5
13.Qd1c2 Rf8e8
14.Ra1d1 Bb7xg2
15.Bd3e4 Qd7g4
16.Be4xg2 Qg4xg5
17.Kh1  { time }
1-0

[Event "Tourn. n9101"]
[Site "www.chess-mail.com"]
[Date "2017.02.18"]
[Round "1"]
[White "Ditto"]
[Black "Jackbauer"]
[WhiteElo "1840"]
[BlackElo "1980"]
[Result "0-1"]
[Round "1"]
1.d4 d5
2.Ng1f3 Nb8c6
3.Bc1f4 e6
4.e3 a6
5.c4 Ng8e7
6.c5 h6
7.Bf1e2 Ne7g6
8.Bf4g3 Bf8e7
9.O-O O-O
10.Nb1c3 Rf8e8
11.Be2d3 f5
12.Bd3c2 b6
13.cxb6 cxb6
14.Bc2a4 Be7d6
15.Bg3h4 Ng6xh4
16.Ba4xc6 Ra8b8
17.Bc6xe8 Qd8xe8
18.Nf3xh4 g5
19.Nh4f3 Bc8b7
20.Qd1b3 Bd6c7
21.Qb3d1 Qe8f7
22.Ra1b1 b5
 { time }
0-1

[Event "Tourn. n9261"]
[Site "www.chess-mail.com"]
[Date "2017.02.18"]
[Round "1"]
[White "Autmich"]
[Black "Balbyns"]
[WhiteElo "1770"]
[BlackElo "1790"]
[Result "0-1"]
[Round "1"]
1.e4 e5
2.Ng1f3 Ng8f6
3.Nf3xe5 d6
4.Ne5f3 Nf6xe4
5.d4 d5
6.Bf1d3 Bf8e7
7.c4 c6
8.O-O O-O
9.Rf1e1 Be7b4
{ resign }
0-1

[Event "Tourn. n9199"]
[Site "www.chess-mail.com"]
[Date "2017.02.18"]
[Round "1"]
[White "Guidom"]
[Black "Johnmcbride"]
[WhiteElo "2030"]
[BlackElo "1940"]
[Result "1-0"]
[Round "1"]
1.e4 e5
2.Ng1f3 d6
3.Bf1c4 h6
4.O-O c6
5.c3 b5
6.Bc4b3 Ng8f6
7.Rf1e1 Bf8e7
8.d4 exd4
9.cxd4 O-O
10.Nb1c3 a5
11.Bb3c2 Nb8a6
12.a3 a4
13.Bc1f4 Nf6h5
14.Bf4e3 Bc8d7
15.e5 d5
16.Qd1d3 f5
17.exf6 Nh5xf6
18.Nf3e5 Ra8a7
19.Be3xh6 gxh6
20.Qd3g6 Kh8
21.Qg6xh6 Kg8
22.Qh6g6 Kh8
23.Ne5f7 Rf8xf7
24.Qg6xf7 Bd7e8
25.Qf7e6 Na6b8
26.Re1e3 Nf6h5
27.Qe6h6 Kg8
28.Qh6h7 Kf8
29.Re3f3 Nh5f6
30.Ra1e1 Ra7d7
31.Qh7h8 Kf7
32.Rf3g3 Nf6e4
33.Bc2xe4 Ke6
34.Be4xd5 Kd6
35.Qh8e5 
1-0

[Event "Tourn. n9000"]
[Site "www.chess-mail.com"]
[Date "2017.02.18"]
[Round "1"]
[White "Passaroa25"]
[Black "Bjonil60"]
[WhiteElo "1540"]
[BlackElo "1400"]
[Result "1-0"]
[Round "1"]
1.e4 e5
2.f3 Qd8e7
3.Ng1e2 Nb8c6
4.c3 a6
5.Ne2g3 Ng8f6
6.Ng3f5 Qe7d8
7.Bf1e2 d6
8.d3 b6
9.Nb1d2 Bc8xf5
10.exf5 h6
11.O-O Qd8e7
12.Nd2b3 O-O-O
13.g4 a5
14.a4 Nc6a7
15.Bc1e3 c5
16.Be3f2 Kd7
17.Nb3d2 d5
18.Bf2g3 d4
19.c4 Na7c6
20.b3 g6
21.Bg3e1 gxf5
22.gxf5 Bf8g7
23.Be1h4 Qe7d6
24.Rf1e1 Nc6b4
25.Qd1b1 Nf6h5
26.Bh4xd8 Kxd8
27.f4 exf4
28.Be2xh5 Rh8f8
29.Nd2f3 Kd7
30.Nf3h4 Rf8g8
31.Bh5xf7 Rg8f8
32.Re1e6 Qd6b8
33.Bf7g6 Rf8c8
34.Nh4f3 Qb8b7
35.Nf3h4 Rc8f8
36.Nh4g2 f3
37.Ng2f4 Rf8h8
38.Kf2 Nb4c6
39.Kxf3 Nc6b4
40.Kf2 Nb4c6
41.f6 Bg7f8
42.Nf4d5 Kxe6
43.Bg6e4 Nc6b4
44.Nd5xb4 axb4
45.Be4xb7 Kd6
46.Qb1e1 Kc7
47.Bb7a6 h5
48.Ba6b5 h4
49.Qe1e5 Kb7
50.Qe5d5 Kc7
51.Qd5d7 Kb8
52.Kg2 Rh8g8
53.Kh1 Bf8h6
54.Qd7h7 Rg8e8
55.Qh7xh6 Re8e6
56.Qh6f8 Kc7
57.f7 Re6e3
58.Ra1d1 h3
59.Qf8g8 Kd6
60.f8Q Kc7
61.Qf8c8 Kd6
62.Qg8d8 Ke5
63.Qd8d5 Kf4
64.Qc8b8 Kg4
65.Bb5d7 Kh4
66.Qb8f4 
1-0

[Event "Tourn. n9160"]
[Site "www.chess-mail.com"]
[Date "2017.02.18"]
[Round "1"]
[White "Cristiano"]
[Black "Wd40"]
[WhiteElo "2220"]
[BlackElo "2179"]
[Result "0-1"]
[Round "1"]
1.e4 a6
2.Ng1f3 a5
3.Nb1c3 d6
4.d4 g6
5.Bf1c4 Bf8g7
6.O-O c6
7.e5 d5
8.Bc4e2 Bc8g4
9.h3 Bg4xf3
10.Be2xf3 e6
11.Qd1d3 Ng8e7
12.Bc1g5 O-O
13.Ra1e1 c5
14.dxc5 Nb8c6
15.Nc3b5 Nc6xe5
16.Qd3b3 a4
17.Qb3a3 Ne5c4
18.Qa3d3 Nc4xb2
19.Qd3e2 h6
20.Bg5f4 Ne7c6
21.Re1b1 Qd8f6
22.Bf4d6 Rf8c8
23.c3 a3
24.Rf1e1 Ra8a5
25.Qe2f1 Bg7f8
26.Qf1e2 Bf8xd6
27.Nb5xd6 Rc8b8
28.Qe2e3 Qf6g5
29.Qe3xg5 hxg5
30.c4 d4
31.Bf3xc6 bxc6
32.Re1d1 e5
33.Nd6e4 Ra5a8
34.Rd1c1 f5
35.Ne4xg5 e4
36.Kf1 Rb8b4
37.f3 e3
38.f4 Nb2d3
39.Rb1xb4 Nd3xc1
40.Rb4b6 d3
{ resign }
0-1

[Event "Tourn. n9164"]
[Site "www.chess-mail.com"]
[Date "2017.02.18"]
[Round "1"]
[White "Balbyns"]
[Black "Lucaschess"]
[WhiteElo "1759"]
[BlackElo "1499"]
[Result "0-1"]
[Round "1"]
1.e4 e5
2.Ng1f3 Nb8c6
3.Bf1c4 Ng8f6
4.a3 Nf6xe4
5.Qd1e2 d5
6.Bc4b5 Bf8c5
7.O-O Bc8g4
8.Bb5xc6 bxc6
9.d3 Bg4xf3
10.Qe2xf3 Ne4f6
11.Rf1e1 Bc5d6
12.Nb1c3 O-O
13.Bc1g5 Rf8e8
14.Re1e2 Re8e6
15.Nc3d1 h6
16.Bg5h4 Qd8e8
17.Nd1c3 a5
18.Ra1e1 Nf6d7
19.Bh4g3 f6
20.Nc3d1 Nd7b6
21.Qf3g4 c5
22.Nd1e3 g6
23.Ne3f5 Kh7
24.Nf5xd6 cxd6
25.f4 f5
26.Qg4f3 e4
27.dxe4 dxe4
28.Qf3b3 Ra8b8
29.Bg3f2 a4
30.Qb3a2 Re6e7
31.b3 Qe8b5
32.Re2d2 axb3
33.cxb3 Nb6c8
34.Re1b1 Re7b7
35.Rd2d5 Qb5c6
36.Rb1d1 Rb7xb3
37.Bf2xc5 dxc5
38.Rd5d7 Kg8
39.Rd7d8 Kf7
40.Rd1d7 Ke6
41.Qa2a1 Rb3b1
{ resign }
0-1

[Event "Tourn. n9233"]
[Site "www.chess-mail.com"]
[Date "2017.02.18"]
[Round "1"]
[White "Jose"]
[Black "Witkapje"]
[WhiteElo "2780"]
[BlackElo "2829"]
[Result "1/2-1/2"]
[Round "1"]
1.Ng1f3 Ng8f6
2.c4 b6
3.g3 Bc8b7
4.Bf1g2 e6
5.d4 Bf8b4
6.Bc1d2 Bb4e7
7.Nb1c3 c6
8.e4 d5
9.exd5 cxd5
10.Nf3e5 O-O
11.O-O Nb8c6
12.cxd5 Nc6xe5
13.d6 Ne5c6
14.dxe7 Qd8xe7
15.Bd2g5 h6
16.d5 Nc6a5
17.Bg5xf6 Qe7xf6
18.dxe6 fxe6
19.Ra1c1 Bb7xg2
20.Kxg2 Qf6f5
21.f4 Ra8d8
22.Qd1e2 Na5c6
23.Rc1d1 Nc6b4
24.Rf1e1 Nb4d5
25.a4 Nd5xc3
26.bxc3 Rd8xd1
27.Qe2xd1 Kh7
28.Qd1b3 { draw }
1/2-1/2

[Event "Tourn. n9129"]
[Site "www.chess-mail.com"]
[Date "2017.02.18"]
[Round "1"]
[White "Aperturaf"]
[Black "Jazzy"]
[WhiteElo "2370"]
[BlackElo "2389"]
[Result "1-0"]
[Round "1"]
1.e4 c5
2.Ng1f3 d6
3.d4 cxd4
4.Qd1xd4 e5
5.Bf1b5 Nb8c6
6.Qd4d3 Bf8e7
7.Nb1c3 Ng8f6
8.Bc1g5 Bc8e6
9.Nc3d5 Nf6xd5
10.exd5 e4
11.Qd3xe4 Qd8a5
12.Bg5d2 Qa5xb5
13.dxe6 f5
14.Qe4d3 Qb5xd3
15.cxd3 O-O
16.O-O-O Rf8f6
17.Rh1e1 Ra8e8
18.Re1e2 d5
19.Bd2c3 Rf6g6
20.g3 Be7f6
21.Rd1e1 d4
22.Bc3d2 h6
23.b4 a6
24.Kc2 Bf6e7
25.a3 Kf8
26.Bd2c1 b5
27.Kb3 Be7d8
28.Bc1f4 a5
29.Bf4d6 Bd8e7
30.Bd6xe7 Re8xe7
31.bxa5 Nc6xa5
32.Kb4 Na5c6
33.Kxb5 Nc6a7
34.Kc4 Re7c7
35.Kd5 Na7b5
36.Re2b2 Nb5c3
37.Kd6 Rc7c8
38.Kd7 { resign }
1-0

[Event "Tourn. n9166"]
[Site "www.chess-mail.com"]
[Date "2017.02.18"]
[Round "1"]
[White "Wegaman"]
[Black "Rovaniaina"]
[WhiteElo "1930"]
[BlackElo "1809"]
[Result "1-0"]
[Round "1"]
1.d4 Ng8f6
2.c4 g6
3.Nb1c3 Bf8g7
4.e3 O-O
5.Bf1d3 d5
6.Ng1f3 Bc8g4
7.O-O Nb8c6
8.h3 Bg4h5
9.c5 Nf6g4
10.hxg4 Bh5xg4
11.Bd3e2 e6
12.Nf3h2 Bg4h5
13.Be2xh5 Qd8h4
14.Bh5f3 f5
15.g3 Qh4e7
16.Rf1e1 Rf8e8
17.Bf3g2 b6
18.cxb6  { time }
1-0

[Event "Tourn. n9197"]
[Site "www.chess-mail.com"]
[Date "2017.02.18"]
[Round "1"]
[White "Asoka"]
[Black "Conde7"]
[WhiteElo "2720"]
[BlackElo "2900"]
[Result "1/2-1/2"]
[Round "1"]
1.d4 d5
2.c4 dxc4
3.e3 Ng8f6
4.Bf1xc4 e6
5.Ng1f3 c5
6.O-O a6
7.dxc5 Qd8xd1
8.Rf1xd1 Bf8xc5
9.Bc4e2 Nb8d7
10.Nb1d2 b6
11.a3 Bc8b7
12.b4 Bc5e7
13.Bc1b2 O-O
14.Ra1c1 Rf8c8
15.Nf3d4 g6
16.g3 h5
17.Nd4b3 Rc8xc1
18.Rd1xc1 Ra8c8
19.Rc1xc8 Bb7xc8
20.Be2f3 Nf6d5
21.e4 Nd5c7
22.e5 Nc7d5
23.Bf3g2 g5
24.Nd2c4 Bc8b7
25.f4 gxf4
26.gxf4 b5
27.Nc4d6 Bb7c6
28.Bb2d4 Nd7b8
29.Bg2xd5 Bc6xd5
{ draw }
1/2-1/2

[Event "Tourn. n9183"]
[Site "www.chess-mail.com"]
[Date "2017.02.18"]
[Round "1"]
[White "Azulmarino"]
[Black "Lucaschess"]
[WhiteElo "1480"]
[BlackElo "1499"]
[Result "0-1"]
[Round "1"]
1.e4 e5
2.Ng1f3 Nb8c6
3.Bf1c4 Ng8f6
4.d3 d5
5.Bc4b5 Bf8d6
6.Bc1g5 dxe4
7.dxe4 Bc8d7
8.Bg5xf6 Qd8xf6
9.Nb1c3 O-O-O
10.Nc3d5 Qf6g6
11.Nf3h4 Qg6xe4
12.Nd5e3 Qe4xh4
13.g3 Qh4b4
14.c3 Qb4xb5
15.Ne3d5 h5
16.h4 Bd7g4
17.Qd1d2 Bd6b4
18.Ra1d1 Rd8xd5
19.Qd2e2 Qb5xe2
{ resign }
0-1

[Event "Tourn. n9261"]
[Site "www.chess-mail.com"]
[Date "2017.02.18"]
[Round "1"]
[White "Balbyns"]
[Black "Mihaiiorga"]
[WhiteElo "1790"]
[BlackElo "1879"]
[Result "0-1"]
[Round "1"]
1.e4 d6
2.d4 Ng8f6
3.Nb1c3 Nb8d7
4.Ng1f3 e5
5.Bf1c4 Bf8e7
6.O-O O-O
7.Bc4xf7 Rf8xf7
8.Nf3g5 Qd8e8
9.Ng5xf7 Qe8xf7
10.f4 exd4
11.Qd1xd4 d5
12.e5 Be7c5
{ resign }
0-1

[Event "Match"]
[Site "www.echecsemail.com"]
[Date "2017.02.18"]
[Round "1"]
[White "Gambitplayer"]
[Black "Aiko1603"]
[WhiteElo "1710"]
[BlackElo "1829"]
[Result "0-1"]
[Round "1"]
1.e4 c5
2.d4 cxd4
3.c3 dxc3
4.Nb1xc3 Nb8c6
5.Ng1f3 g6
6.Bf1c4 Bf8g7
7.O-O d6
8.Qd1e2 Ng8f6
9.Rf1d1 Qd8c7
10.Bc1f4 Bc8g4
11.Qe2e3 Bg4xf3
12.Qe3xf3 O-O
13.Ra1c1 a6
14.Nc3d5 Nf6xd5
15.exd5 Nc6e5
16.Bf4xe5 Bg7xe5
17.Bc4xa6 Qc7b6
18.Ba6c4 Ra8b8
19.Bc4b3 Be5xb2
20.Rc1c2 Bb2f6
21.Rd1c1 Qb6a5
22.g3 b5
23.Kg2 b4
24.h3 h5
25.Rc1e1 Rb8c8
26.Rc2xc8 Rf8xc8
27.Re1d1 Rc8c3
28.Qf3f4 Bf6e5
29.Qf4e4 f5
30.Qe4e2 Qa5b6
31.f4 Be5f6
32.Qe2e6 Kg7
33.Rd1f1 Rc3e3
34.Qe6d7 Re3e2
35.Kf3 Qb6e3

0-1

[Event "Match"]
[Site "www.echecsemail.com"]
[Date "2017.02.18"]
[Round "1"]
[White "Yoj"]
[Black "Comrade"]
[WhiteElo "2150"]
[BlackElo "2290"]
[Result "0-1"]
[Round "1"]
1.d3 d5
2.Nb1c3 e5
3.Ng1f3 d4
4.Nc3e4 Nb8c6
5.e3 Ng8f6
6.Ne4xf6 Qd8xf6
7.exd4 Bf8d6
8.dxe5 Nc6xe5
9.Bf1e2 Bc8g4
10.Nf3xe5 Qf6xe5
11.f3 Bg4h5
12.d4 Qe5e7
13.O-O O-O-O
14.c4 Rh8e8
15.Rf1e1 Bd6b4
 { time }
0-1

[Event "Match"]
[Site "www.echecsemail.com"]
[Date "2017.02.18"]
[Round "1"]
[White "Mitja"]
[Black "Bojan"]
[WhiteElo "1920"]
[BlackElo "2020"]
[Result "0-1"]
[Round "1"]
1.d4 d5
2.e3 Bc8d7
3.Bf1e2 Ng8f6
4.c3 Nb8c6
5.Be2f3 Bd7f5
6.Ng1e2 e5
7.dxe5 Nc6xe5
8.Ne2d4 Ne5xf3
9.Qd1xf3 Bf5e4
10.Qf3g3 g6
11.f3 Be4d3
12.Bc1d2 Bf8e7
13.Nd4e2 Be7d6
14.Qg3f2 c5
15.O-O Qd8c7
16.g3 h5
17.Kh1 Nf6d7
18.Rf1g1 O-O-O
19.Ne2f4 Bd6xf4
20.exf4 Rd8e8
21.Rg1e1 Qc7c6
22.Re1xe8 Rh8xe8
23.Nb1a3 b6
24.Ra1e1 Re8xe1
25.Bd2xe1 Nd7f8
26.Kg2 Nf8e6
27.Qf2d2 Bd3a6
28.Be1f2 Ba6b7
29.Qd2e2 Kd7
30.Qe2b5 a6
31.Qb5xc6 Bb7xc6
32.Na3c2 Bc6b5
33.a3 Kc6
34.Bf2e3 Bb5a4
35.Nc2e1 Kb5
36.Kf2 Kc4
37.Ke2 Kb3
38.Be3c1 Ba4b5
39.Kd2 d4
40.cxd4 Ne6xd4
41.h4 Ka2
42.Kc3 Nd4e2
43.Kd2 Ne2xg3
44.Ne1d3 Bb5xd3
45.Kxd3 Ng3f5
{ resign }
0-1

[Event "1/8 Finale"]
[Site "www.chess-mail.com"]
[Date "2017.02.18"]
[Round "1"]
[White "Astigitana"]
[Black "Ecijaajedrez"]
[WhiteElo "2420"]
[BlackElo "2410"]
[Result "1-0"]
[Round "1"]
1.d4 d5
2.c4 e6
3.Nb1c3 Bf8e7
4.Ng1f3 Ng8f6
5.cxd5 exd5
6.Bc1g5 O-O
7.e3 c6
8.Bf1d3 h6
9.Bg5h4 Bc8g4
10.Qd1c2 Bg4xf3
11.gxf3 Nb8d7
12.Rh1g1 Rf8e8
13.O-O-O Nd7f8
14.Rg1g2 Nf6h5
15.Bh4xe7 Qd8xe7
16.Rd1g1 b5
17.Nc3e2 b4
18.Ne2g3 Nh5xg3
19.Rg2xg3 g5
20.h4 f6
21.hxg5 fxg5
22.f4 Nf8e6
23.fxg5 Kh8
24.gxh6 Re8g8
25.Rg3xg8 Ra8xg8
26.Rg1xg8 Kxg8
27.h7 Kh8
28.Qc2xc6 { resign }
1-0

[Event "1/128 Finale"]
[Site "www.chess-mail.com"]
[Date "2017.02.18"]
[Round "1"]
[White "Mdesouza"]
[Black "Yaw1"]
[WhiteElo "2310"]
[BlackElo "1809"]
[Result "1-0"]
[Round "1"]
1.e4 b6
2.d4 e6
3.Nb1c3 g6
4.Bf1d3 Nb8c6
5.Ng1f3 Bf8g7
6.Bc1e3 Ng8e7
7.Qd1d2 Bc8b7
8.O-O-O  { time }
1-0

[Event "Fast Game"]
[Site "www.echecsemail.com"]
[Date "2017.02.18"]
[Round "1"]
[White "Hennie4820"]
[Black "Piriot"]
[WhiteElo "1670"]
[BlackElo "1479"]
[Result "0-1"]
[Round "1"]
1.e4 g6
2.d4 d6
3.c4 Bf8g7
4.Nb1c3 Ng8f6
5.f3 O-O
6.Bc1e3 c5
7.d5 a6
8.Qd1d2 b5
9.cxb5 Qd8a5
10.bxa6 Nb8xa6
11.Bf1xa6 Bc8xa6
12.Ng1e2 Rf8b8
13.Ra1b1 Nf6d7
14.O-O Nd7e5
15.b3 Ba6xe2
16.Nc3xe2 Qa5xd2
17.Be3xd2 Ra8xa2
18.Rf1d1 Ne5d3
19.Ne2c3 Ra2c2
20.Nc3a4 Bg7d4
21.Kf1 Nd3f2
22.Bd2c3 Nf2xd1
23.Bc3xd4 cxd4
24.Rb1xd1 Rb8b4
25.Rd1d3 Rc2a2
26.Kg1 Ra2a3
{ resign }
0-1

[Event "Fast Game"]
[Site "www.echecsemail.com"]
[Date "2017.02.18"]
[Round "1"]
[White "Yaw1"]
[Black "Curtis73"]
[WhiteElo "1799"]
[BlackElo "1599"]
[Result "0-1"]
[Round "1"]
1.e4 d5
2.exd5 Qd8xd5
3.Nb1c3 Qd5a5
4.Bf1c4 Ng8f6
5.Ng1f3 Bc8g4
6.h3 Bg4h5
7.g4 Bh5g6
8.d3 Nb8d7
9.Bc1d2 Qa5b6
10.b3 e6
11.Bd2e3 Qb6a5
12.Qd1d2 Bf8b4
13.Be3d4 c5
14.O-O cxd4
15.Nf3xd4 Bb4xc3
16.Qd2e3 Bc3xd4
17.Qe3xd4 O-O
 { time }
0-1

[Event "Tourn. n9242"]
[Site "www.chess-mail.com"]
[Date "2017.02.19"]
[Round "1"]
[White "Actmy"]
[Black "Xkafi"]
[WhiteElo "2290"]
[BlackElo "2000"]
[Result "1-0"]
[Round "1"]
1.d4 c5
2.d5 Ng8f6
3.c4 h6
4.Nb1c3 a6
5.a4 Qd8a5
6.Qd1c2 d6
7.e4 g6
8.f4 Nb8d7
9.Ng1f3 Nd7b6
10.Bc1d2 Nb6xc4
11.Bf1xc4 b5
12.Nc3xb5 axb5
13.Bd2xa5 { resign }
1-0

[Event "Tourn. n9187"]
[Site "www.chess-mail.com"]
[Date "2017.02.19"]
[Round "1"]
[White "Rovaniaina"]
[Black "Genius7"]
[WhiteElo "1969"]
[BlackElo "1890"]
[Result "0-1"]
[Round "1"]
1.e4 b6
2.d4 Bc8b7
3.Bf1d3 e6
4.Ng1f3 g6
5.Bc1e3 Bf8g7
6.Nb1d2 Ng8e7
7.h4 d5
8.e5 Nb8d7
9.g4 c5
10.c4 cxd4
11.Nf3xd4 Nd7c5
 { time }
0-1

[Event "Tourn. n9046"]
[Site "www.chess-mail.com"]
[Date "2017.02.19"]
[Round "1"]
[White "Jaroslavpech"]
[Black "Julian"]
[WhiteElo "1950"]
[BlackElo "1970"]
[Result "1-0"]
[Round "1"]
1.e4 c5
2.Ng1f3 d6
3.d4 cxd4
4.Nf3xd4 Ng8f6
5.Nb1c3 a6
6.Bc1e3 e5
7.Nd4b3 Bc8e6
8.f3 Nb8d7
9.Qd1d2 Ra8c8
10.g4 b5
11.g5 Nf6h5
12.a4 g6
13.axb5 axb5
14.Nc3xb5 Nd7b6
15.Nb3a5 Bf8e7
16.Na5b7 Qd8d7
17.Nb7xd6 Kf8
18.Be3xb6 Be7xd6
19.Nb5xd6 Rc8c6
20.Ra1a7 Rc6xb6
21.Ra7xd7 Be6xd7
22.Nd6xf7 Kxf7
23.Qd2xd7 Kf8
24.Qd7d8 { resign }
1-0

[Event "Tourn. n9174"]
[Site "www.chess-mail.com"]
[Date "2017.02.19"]
[Round "1"]
[White "Rovaniaina"]
[Black "Julian"]
[WhiteElo "1919"]
[BlackElo "2040"]
[Result "0-1"]
[Round "1"]
1.e4 c5
2.Ng1f3 Nb8c6
3.d4 cxd4
4.Nf3xd4 d6
5.Bf1b5 Bc8d7
6.Nb1c3 Nc6xd4
7.Qd1xd4 Ng8f6
8.f3 g6
9.e5 dxe5
10.Qd4xe5 Bf8g7
11.O-O O-O
12.Rf1e1 Bd7xb5
13.Nc3xb5 a6
14.Nb5c7 Ra8c8
15.Bc1f4 Nf6h5
16.Qe5xe7 Qd8xe7
17.Re1xe7 Nh5xf4
 { time }
0-1

[Event "Tourn. n9047"]
[Site "www.chess-mail.com"]
[Date "2017.02.19"]
[Round "1"]
[White "Comrade"]
[Black "Fabos12"]
[WhiteElo "2260"]
[BlackElo "2110"]
[Result "1-0"]
[Round "1"]
1.c4 Ng8f6
2.Nb1c3 d5
3.d4 Bc8f5
4.Ng1f3 h6
5.e3 e6
6.a3 c5
7.Bf1d3 Bf5xd3
8.Qd1xd3 dxc4
9.Qd3xc4 cxd4
10.Nf3xd4 Nf6d5
11.Nc3xd5 Qd8xd5
12.Qc4xd5 exd5
13.b4 Nb8c6
14.Bc1b2 O-O-O
15.Ra1c1 Kb8
16.Nd4xc6 bxc6
17.Rc1xc6 f6
18.Bb2d4 Kb7
19.Rc6c3 Bf8d6
20.Ke2 Rh8e8
21.Rh1c1 h5
22.f4 Bd6xf4
23.g3 Bf4d6
24.Kf3 g5
25.a4 g4
26.Ke2 f5
27.Bd4c5 Bd6e5
28.Rc3d3 d4
29.Rc1d1 Be5f6
30.Bc5xd4 Bf6g5
31.b5 h4
32.a5 h3
33.a6 Ka8
34.b6 axb6
35.Bd4xb6 Rd8b8
36.Bb6d4 f4
37.gxf4 Bg5xf4
38.Rd1f1 Bf4c7
39.Rf1f7 Bc7b6
40.a7 Rb8b7
41.Rf7xb7 Kxb7
42.Rd3b3  { time }
1-0

[Event "Tourn. n9225"]
[Site "www.chess-mail.com"]
[Date "2017.02.19"]
[Round "1"]
[White "Robinjut"]
[Black "Autmich"]
[WhiteElo "1540"]
[BlackElo "1680"]
[Result "0-1"]
[Round "1"]
1.e4 c5
2.Nb1c3 d6
3.Ng1f3 Nb8c6
4.Bf1b5 Ng8f6
5.h3 e5
6.a3 Bf8e7
7.Bb5xc6 bxc6
8.O-O O-O
9.d3 Bc8e6
10.b4 cxb4
11.axb4 a5
12.b5 Qd8c7
13.bxc6 Qc7xc6
14.Bc1g5 Qc6xc3
15.Qd1d2 Rf8c8
16.Qd2xc3 Rc8xc3
17.Bg5xf6 Be7xf6
18.Ra1a2 Be6xa2
19.Nf3d2 Rc3xc2
20.Nd2f3 Ra8b8
21.Nf3e1 Rc2c1
22.f3 Bf6h4
{ resign }
0-1

[Event "Tourn. n9174"]
[Site "www.chess-mail.com"]
[Date "2017.02.19"]
[Round "1"]
[White "Rovaniaina"]
[Black "Milkyway"]
[WhiteElo "1919"]
[BlackElo "1920"]
[Result "0-1"]
[Round "1"]
1.e4 c5
2.d4 cxd4
3.Qd1xd4 Nb8c6
4.Qd4d2 Ng8f6
5.Nb1c3 d6
6.Bf1b5 Bc8d7
7.f4 e6
8.e5 dxe5
9.fxe5 Nc6xe5
10.Ng1f3 Ne5xf3
11.gxf3 Bd7xb5
12.Nc3xb5 Qd8xd2
13.Bc1xd2 Ra8c8
14.O-O-O a6
 { time }
0-1

[Event "Tourn. n9172"]
[Site "www.chess-mail.com"]
[Date "2017.02.19"]
[Round "1"]
[White "Rovaniaina"]
[Black "Falcoale"]
[WhiteElo "1919"]
[BlackElo "1880"]
[Result "0-1"]
[Round "1"]
1.e4 c5
2.c3 Nb8c6
3.d4 cxd4
4.Ng1f3 dxc3
5.Nb1xc3 a6
6.Bf1c4 e6
7.O-O b5
8.Nc3xb5 axb5
9.Bc4xb5 Bc8a6
10.Bb5xa6 Ra8xa6
11.Bc1g5 f6
12.Qd1d3 Nc6b4
13.Qd3b5 fxg5
14.Nf3xg5 Ra6b6
15.Qb5e5 Ng8f6
16.Ra1d1 Nb4xa2
17.Ng5xe6 Rb6xe6
18.Qe5xe6 Qd8e7
19.Qe6a6 Na2b4
20.Qa6a8 Kf7
 { time }
0-1

[Event "Tourn. n9165"]
[Site "www.chess-mail.com"]
[Date "2017.02.19"]
[Round "1"]
[White "Picifarkinca"]
[Black "Rovaniaina"]
[WhiteElo "1630"]
[BlackElo "1809"]
[Result "1-0"]
[Round "1"]
1.Ng1f3 d5
2.b3 g6
3.Bc1b2 f6
4.g3 Qd8d6
5.d4 c5
6.Bf1g2 cxd4
7.Nf3xd4 e5
8.Nd4f3 Nb8c6
9.O-O e4
10.Nf3d4 Ng8e7
11.e3 Bf8g7
12.Nb1d2 O-O
13.c4 Nc6e5
14.cxd5 Ne5d3
15.Bg2xe4 Nd3xb2
16.Qd1c2 Bc8h3
17.Qc2xb2 Bh3xf1
18.Ra1xf1 f5
19.Be4g2 Ne7xd5
20.Nd2c4 Qd6f6
21.Bg2xd5 Kh8
22.Qb2b1  { time }
1-0

[Event "Tourn. n9215"]
[Site "www.chess-mail.com"]
[Date "2017.02.19"]
[Round "1"]
[White "Yaw1"]
[Black "Milkyway"]
[WhiteElo "1809"]
[BlackElo "1940"]
[Result "0-1"]
[Round "1"]
1.e3 d5
2.b3 e5
3.Bc1b2 Nb8c6
4.g4 Bf8d6
5.Bf1g2 Ng8e7
6.d3 O-O
7.Ng1e2 Ne7g6
 { time }
0-1

[Event "Tourn. n9248"]
[Site "www.chess-mail.com"]
[Date "2017.02.19"]
[Round "1"]
[White "Albertf"]
[Black "Autmich"]
[WhiteElo "1790"]
[BlackElo "1670"]
[Result "0-1"]
[Round "1"]
1.d4 Ng8f6
2.c4 e6
3.Ng1f3 b6
4.e3 Bc8b7
5.Nb1d2 c5
6.dxc5 Bf8xc5
7.a3 d5
8.b4 Bc5e7
9.cxd5 Nf6xd5
10.Bf1b5 Bb7c6
11.Bb5xc6 Nb8xc6
12.Bc1b2 O-O
13.O-O Be7f6
14.Bb2xf6 Nd5xf6
15.Qd1b3 Ra8c8
16.Rf1d1 Qd8e7
17.Ra1c1 Rf8d8
18.Rc1c3 Nf6d5
19.Rc3c2 Qe7f6
20.Rd1c1 Nc6e7
21.Rc2xc8 Rd8xc8
22.Rc1xc8 Ne7xc8
23.Qb3c2 Nc8e7
24.Nd2e4 Qf6a1
{ resign }
0-1

[Event "Tourn. n9203"]
[Site "www.chess-mail.com"]
[Date "2017.02.19"]
[Round "1"]
[White "Norlavuaram"]
[Black "Amaya"]
[WhiteElo "2080"]
[BlackElo "2090"]
[Result "1-0"]
[Round "1"]
1.e4 e6
2.d4 d5
3.Nb1d2 c5
4.exd5 exd5
5.Bf1b5 Bc8d7
6.Qd1e2 Bf8e7
7.Ng1f3 Ng8f6
8.O-O O-O
9.c3 Rf8e8
10.Bb5xd7 Nb8xd7
11.Qe2d3 Qd8c7
12.Rf1e1 c4
13.Qd3c2 Be7d6
14.Nd2f1 Nf6g4
15.h3 Re8xe1
16.Nf3xe1 Ng4h2
17.Nf1xh2 Bd6xh2
18.Kh1 Ra8e8
19.Ne1f3 Bh2d6
20.Bc1e3 Nd7f6
21.Ra1e1 Nf6e4
22.Nf3d2 f5
23.Nd2xe4 fxe4
24.Qc2e2 Re8e6
25.Qe2g4 Re6g6
26.Qg4f5 Qc7f7
27.Qf5xf7 Kxf7
28.Re1f1 Rg6f6
29.Kg1 Kg6
30.b3 b5
31.Rf1b1 Bd6f4
32.bxc4 Bf4xe3
33.fxe3 bxc4
34.Rb1b5 Rf6f5
35.a4 a6
36.Rb5a5 Rf5f6
37.Ra5xd5 Rf6b6
38.Rd5c5 { resign }
1-0

[Event "Match"]
[Site "www.echecsemail.com"]
[Date "2017.02.19"]
[Round "1"]
[White "Balbyns"]
[Black "Pariolinius"]
[WhiteElo "1750"]
[BlackElo "2020"]
[Result "1-0"]
[Round "1"]
1.Ng1f3 Ng8f6
2.e3 g6
3.d4 Bf8g7
4.Nb1d2 d5
5.Bf1d3 Nb8c6
6.c3 Bc8g4
7.O-O a6
8.Rf1e1 O-O
9.h3 Bg4d7
10.e4 e6
11.e5 Nf6h5
12.Nd2b3 b6
13.g4 { resign }
1-0

[Event "Match"]
[Site "www.echecsemail.com"]
[Date "2017.02.19"]
[Round "1"]
[White "Add"]
[Black "Yaw1"]
[WhiteElo "2150"]
[BlackElo "2149"]
[Result "1-0"]
[Round "1"]
1.e4 b6
2.d4 Bc8b7
3.Nb1c3 e6
4.a3 g6
5.e5 h5
6.Ng1h3 Bf8e7
7.Bc1e3 Nb8c6
8.Qd1d2 d6
9.Bf1b5 a6
10.Bb5xc6 Bb7xc6
11.O-O  { time }
1-0

[Event "Match"]
[Site "www.echecsemail.com"]
[Date "2017.02.19"]
[Round "1"]
[White "Yaw1"]
[Black "Silent1"]
[WhiteElo "1809"]
[BlackElo "1910"]
[Result "0-1"]
[Round "1"]
1.e3 d5
2.d4 Ng8f6
3.c4 e6
4.Nb1c3 c6
5.c5 Nb8d7
6.Ng1f3 Bf8e7
7.Bc1d2 b6
8.b4 b5
 { time }
0-1

[Event "Match"]
[Site "www.echecsemail.com"]
[Date "2017.02.19"]
[Round "1"]
[White "Sorento"]
[Black "Mrmoto"]
[WhiteElo "1499"]
[BlackElo "1630"]
[Result "1-0"]
[Round "1"]
1.d4 d5
2.Ng1f3 Ng8f6
3.c4 e6
4.Nb1c3 Bf8b4
5.Qd1b3 c5
6.dxc5 Bb4xc5
7.Qb3b5 Bc8d7
8.Qb5xc5 Qd8b6
9.Qc5xb6 axb6
10.Bc1g5 Nf6e4
11.Nc3xe4 dxe4
12.Nf3d4 O-O
13.e3 Nb8c6
14.Bf1e2 Nc6b4
15.Bg5e7 Rf8e8
16.Be7xb4 e5
17.Nd4b5 Bd7xb5
18.cxb5 g6
19.O-O Ra8c8
20.Ra1c1 { resign }
1-0

[Event "Match"]
[Site "www.echecsemail.com"]
[Date "2017.02.19"]
[Round "1"]
[White "Babedad"]
[Black "Coolant"]
[WhiteElo "2240"]
[BlackElo "1499"]
[Result "0-1"]
[Round "1"]
1.b3 e5
2.Bc1b2 Bf8c5
3.Bb2xe5 Ng8f6
4.Ng1f3 O-O
5.e3 d6
6.Be5b2 Rf8e8
7.d4 Bc5b6
8.Bf1d3 Bc8g4
9.O-O Nb8d7
10.Nb1d2 Qd8e7
11.c4 c6
12.Qd1c2 h5
13.h3 Bg4xf3
14.Nd2xf3 Bb6c7
15.Rf1e1 d5
16.c5 Nf6e4
17.b4 a6
18.Bd3xe4 dxe4
19.Nf3d2 f5
20.Nd2c4 Nd7f6
21.Ra1d1 Ra8d8
22.Qc2e2 Qe7f7
23.Qe2c2 Nf6d5
24.a3 h4
25.Re1f1 f4
26.Nc4e5 Bc7xe5
27.dxe5 Qf7g6
28.exf4 Nd5xf4
29.f3 Nf4xh3
30.Kh1 Rd8xd1
31.Qc2xd1 Nh3f4
32.Qd1c2 Qg6g3
33.Qc2f2 e3
34.Qf2xg3 hxg3
35.Kg1 e2
36.Rf1e1 Re8d8
{ resign }
0-1

[Event "Match"]
[Site "www.echecsemail.com"]
[Date "2017.02.19"]
[Round "1"]
[White "Mitja"]
[Black "Bojan"]
[WhiteElo "1920"]
[BlackElo "2020"]
[Result "1-0"]
[Round "1"]
1.d4 d5
2.e3 a6
3.h3 Nb8c6
4.c3 Ng8f6
5.Ng1f3 Qd8d6
6.b3 e5
7.dxe5 Nc6xe5
8.Nf3xe5 Bf8e7
9.Ne5f3 h6
10.Bf1e2 Bc8e6
11.Nf3d4 Be6d7
12.Bc1b2 c5
13.Nd4f3 Bd7f5
14.Nb1a3 b5
15.Nf3h4 Bf5e4
16.Nh4f3 Qd6e6
17.Be2d3 Ra8d8
18.Qd1e2 O-O
19.Bd3xe4 dxe4
20.Nf3h2 Rd8d3
21.O-O Rf8d8
22.Rf1d1 Nf6h7
23.Na3c2 Rd8d5
24.b4 Nh7g5
25.bxc5 Be7xc5
26.Nc2d4 Rd3xd1
27.Qe2xd1 Qe6g6
28.Kh1 Ng5e6
29.Qd1g4 Rd5g5
30.Qg4e2 Rg5xg2
31.Nh2g4 Rg2xg4
32.Qe2xg4 Qg6f6
33.Nd4xe6 fxe6
34.Kg2 b4
35.Ra1c1 Bc5d6
36.Qg4xe4 Bd6e5
37.Qe4xb4 Qf6g5
38.Qb4g4 Qg5f6
39.Rc1c2 g6
40.f4 Be5d6
41.c4 Qf6f7
42.c5 Bd6c7
43.c6 Kh7
44.Rc2d2 { resign }
1-0